Psych Episodes Quiz Stats

 Plays Quiz not verified by Sporcle

Challenge
Share
Tweet
Embed
Score 0/47 Timer 10:00
0 Plays Today
Episode Title % Correct
Pilot
93.6%
Spellingg Bee
73.6%
Scary Sherry: Bianca's Toast
63.6%
9 Lives
62.7%
American Duos
59.1%
An Evening With Mr. Yang
54.5%
Weekend Warriors
50.9%
Ghosts
48.2%
Speak Now or Forever Hold Your Piece
47.3%
Poker? I Barely Know Her
47.3%
Psy vs. Psy
43.6%
Shawn vs. The Red Phantom
42.7%
From The Earth to the Starbucks
41.8%
65 Million Years Off
41.8%
And Down the Stretch Comes Murder
40.9%
Tuesday the 17th
40.9%
Shawn (And Gus) of the Dead
40%
Murder? Anyone? Anyone? Bueller?
40%
Bounty Hunters!
38.2%
Lassie Did A Bad Bad Thing
38.2%
Woman Seeking Dead Husband- Smokers Okay, No Pets
37.3%
Meat is Murder, but Murder is Also Murder
37.3%
Black and Tan: A Crime of Fashion
37.3%
Christmas Joy
37.3%
Episode Title % Correct
Forget Me Not
36.4%
Rob-A-Bye, Baby
36.4%
Who Ya Gonna Call?
35.5%
Talk Derby To Me
35.5%
Daredevils!
33.6%
Cloudy, Chance of Murder
32.7%
He Loves Me, He Loves Me Not, He Loves Me, Oops He's Dead
31.8%
There's Something About Mira
31.8%
Zero to Murder in Sixty Seconds
30.9%
Gus' Dad May Have Killed An Old Guy!
30.9%
The Old and the Restless
30.9%
Disco Didn't Die. It Was Murdered!
30.9%
The Greatest Adventure in the History of Basic Cable
30%
Six Feet Under the Sea
30%
If You're So Smart, Then Why Are You Dead?
28.2%
Gus Walks Into A Bank
28.2%
Game, Set...Muuurder?
27.3%
There Might Be Blood
25.5%
Truer Lies
24.5%
Dis-Lodged
23.6%
Any Given Friday Night at 10pm, 9pm Central
23.6%
Lights, Camera...Homicidio
22.7%
Earth, Wind, and... Wait for It
20.9%

You're not logged in!

Compare scores with friends on all Sporcle quizzes.
Join for Free
OR
Log In

You Might Also Like...

Show Comments

Extras

Top Quizzes Today


Score Distribution

Your Account Isn't Verified!

In order to create a playlist on Sporcle, you need to verify the email address you used during registration. Go to your Sporcle Settings to finish the process.

Report this User

Report this user for behavior that violates our Community Guidelines.

Details: